<?xml version="1.0" encoding="UTF-8"?>
<record
    xmlns:xsi="http://www.w3.org/2001/XMLSchema-instance"
    xsi:schemaLocation="http://www.loc.gov/MARC21/slim http://www.loc.gov/standards/marcxml/schema/MARC21slim.xsd"
    xmlns="http://www.loc.gov/MARC21/slim">

  <leader>00797nam a22001457a 4500</leader>
  <controlfield tag="008">190601b        xxu||||| |||| 00| 0 eng d</controlfield>
  <datafield tag="020" ind1=" " ind2=" ">
    <subfield code="a">9789968530453</subfield>
  </datafield>
  <datafield tag="082" ind1=" " ind2=" ">
    <subfield code="a">708</subfield>
    <subfield code="b">M743a</subfield>
  </datafield>
  <datafield tag="100" ind1=" " ind2=" ">
    <subfield code="a">Monge Picado, Mar&#xED;a Jos&#xE9;</subfield>
    <subfield code="9">4341</subfield>
  </datafield>
  <datafield tag="245" ind1=" " ind2=" ">
    <subfield code="a">El aprendiz. Adri&#xE1;n Arguedas </subfield>
  </datafield>
  <datafield tag="260" ind1=" " ind2=" ">
    <subfield code="a">San Jos&#xE9;, Costa Rica</subfield>
    <subfield code="b">Fundaci&#xF3;n Museos Banco Central de Costa Rica</subfield>
    <subfield code="c">2019</subfield>
  </datafield>
  <datafield tag="300" ind1=" " ind2=" ">
    <subfield code="a">114 p.</subfield>
    <subfield code="b">ill (col).</subfield>
    <subfield code="c">29 x 21,5 cm</subfield>
  </datafield>
  <datafield tag="505" ind1=" " ind2=" ">
    <subfield code="t">Presentaci&#xF3;n</subfield>
    <subfield code="t">Adri&#xE1;n Arguedas Ruano </subfield>
    <subfield code="t">Para empezar... &#xBF;qui&#xE9;nes somos? </subfield>
    <subfield code="t">El viaje</subfield>
    <subfield code="t">El ritual </subfield>
    <subfield code="t">El aprendizaje </subfield>
    <subfield code="t">Los v&#xED;nculos </subfield>
    <subfield code="t">Para continuar: ser en los otros </subfield>
    <subfield code="t">Lista de figuras</subfield>
    <subfield code="t">Bibliograf&#xED;a</subfield>
  </datafield>
  <datafield tag="650" ind1=" " ind2=" ">
    <subfield code="2">Arte contempor&#xE1;neo </subfield>
    <subfield code="v">Arte - exhibici&#xF3;n </subfield>
    <subfield code="v">Arte - escultores costarricenses</subfield>
    <subfield code="v">Arte - pintores costarricenses</subfield>
    <subfield code="v">Arte - grabadores costarricenses</subfield>
    <subfield code="z">Arte - Costa Rica </subfield>
    <subfield code="9">7072</subfield>
  </datafield>
  <datafield tag="999" ind1=" " ind2=" ">
    <subfield code="c">1802</subfield>
    <subfield code="d">1802</subfield>
  </datafield>
  <datafield tag="952" ind1=" " ind2=" ">
    <subfield code="0">0</subfield>
    <subfield code="1">0</subfield>
    <subfield code="2">ddc</subfield>
    <subfield code="4">0</subfield>
    <subfield code="7">0</subfield>
    <subfield code="a">LV</subfield>
    <subfield code="b">LV</subfield>
    <subfield code="c">Monograf&#xED;as</subfield>
    <subfield code="d">2019-06-01</subfield>
    <subfield code="l">0</subfield>
    <subfield code="o">708 M743a</subfield>
    <subfield code="p">004795</subfield>
    <subfield code="r">2019-06-01 00:00:00</subfield>
    <subfield code="w">2019-06-01</subfield>
    <subfield code="y">01</subfield>
  </datafield>
</record>
